Студент вуза: технологии обучения и профессиональной карьеры: учебное пособие

Bibliografische gegevens
Hoofdauteur: Резник С. Д. Семен Давыдович
Andere auteurs: Игошина И. А. Ирина Анатольевна
Samenvatting:Рассмотрены технологии жизнедеятельности молодых людей, поступивших в высшие учебные заведения, позволяющие студентам младших курсов активно включиться в учебный процесс и практическую деятельность, получить работу по специальности еще в период обучения в вузе. Особое внимание уделено современным технологиям обучения в вузе, эффективного использования своих способностей и времени, формирования личной конкурентоспособности и предприимчивости. Для студентов младших курсов высших учебных заведений. Книга представляет также интерес для преподавателей, заведующих кафедрами, деканов и ректоров высших учебных заведений, может лечь в основу специального курса «Управление личной карьерой».
Taal:Russisch
Gepubliceerd in: Москва, Инфра-М, 2011
Reeks:Менеджмент в высшей школе
Onderwerpen:
Formaat: Boek
KOHA link:https://koha.lib.tpu.ru/cgi-bin/koha/opac-detail.pl?biblionumber=222946

MARC

LEADER 00000nam0a2200000 4500
001 222946
005 20231101230507.0
010 |a 9785160035833 
035 |a (RuTPU)RU\TPU\book\243177 
035 |a RU\TPU\book\173462 
090 |a 222946 
100 |a 20121003d2011 m y0rusy50 ca 
101 0 |a rus 
102 |a RU 
105 |a y j 001zy 
200 1 |a Студент вуза: технологии обучения и профессиональной карьеры  |e учебное пособие  |f С. Д. Резник, И. А. Игошина 
210 |a Москва  |c Инфра-М  |d 2011 
215 |a 475 с. 
225 1 |a Менеджмент в высшей школе 
320 |a Библиогр.: с. 438-441. 
320 |a Глоссарий: с. 442-448. 
330 |a Рассмотрены технологии жизнедеятельности молодых людей, поступивших в высшие учебные заведения, позволяющие студентам младших курсов активно включиться в учебный процесс и практическую деятельность, получить работу по специальности еще в период обучения в вузе. Особое внимание уделено современным технологиям обучения в вузе, эффективного использования своих способностей и времени, формирования личной конкурентоспособности и предприимчивости. Для студентов младших курсов высших учебных заведений. Книга представляет также интерес для преподавателей, заведующих кафедрами, деканов и ректоров высших учебных заведений, может лечь в основу специального курса «Управление личной карьерой». 
606 1 |a Студенчество  |2 stltpush  |3 (RuTPU)RU\TPU\subj\57978  |9 75822 
610 1 |a вузы 
610 1 |a высшее образование 
610 1 |a обучение 
610 1 |a студенты 
610 1 |a студенчество 
610 1 |a учебный семестр 
610 1 |a лекции 
610 1 |a сессия 
610 1 |a культура поведения 
610 1 |a быстрое чтение 
610 1 |a общежития 
610 1 |a жизнедеятельность 
610 1 |a персональный менеджмент 
610 1 |a работоспособность 
610 1 |a эффективность 
610 1 |a здоровье 
610 1 |a карьера 
610 1 |a трудоустройство 
610 1 |a студенческая молодежь 
610 1 |a конкурентоспособность 
610 1 |a деканы 
610 1 |a заведующий кафедрой 
610 1 |a преподаватели 
610 1 |a учебные пособия 
686 |a Ч481.43я73  |v LBC/SL-A  |2 rubbk 
700 1 |a Резник  |b С. Д.  |g Семен Давыдович 
701 1 |a Игошина  |b И. А.  |g Ирина Анатольевна 
801 1 |a RU  |b 63413507  |c 20090515  |g PSBO 
801 2 |a RU  |b 63413507  |c 20121015  |g PSBO 
942 |c BK